| 000 | 00673nam a2200229 a 4500 | ||
|---|---|---|---|
| 001 | 19043 | ||
| 003 | BD-RjUL | ||
| 005 | 20211209000357.0 | ||
| 008 | 160905r19992004ii a|||| b||| 001 0 eng d | ||
| 020 | _a8121918014 | ||
| 035 | _a(BD-RjUL)19101 | ||
| 040 |
_aBD-RjUL _beng _cBD-RjUL _dBD-RjUL |
||
| 041 | _aeng | ||
| 082 | 0 | 4 |
_a658.42 _bKHE 2004 _223 |
| 100 | 1 |
_a Khanka, S. S. _958692 |
|
| 245 | 1 | 0 |
_aEntrepreneurial development / _cby S. S. Khanka |
| 260 |
_aNew Delhi ; _b S.Chand & Co. Ltd, _c1999 [Reprint 2004] |
||
| 300 |
_axiv, 405 p. : _bill. ; _c 24 cm. |
||
| 504 | _aIncludes bibliography and index | ||
| 650 | 0 |
_a Entrepreneurship. _958693 |
|
| 942 |
_2ddc _cBK _05 |
||
| 999 |
_c19043 _d19043 |
||